[Event "Gorgonzola op 9th"]
[Site "Gorgonzola"]
[Date "2004.11.14"]
[Round "2"]
[White "Salami, Marco"]
[Black "D'Apa, Stefano"]
[Result "0-1"]
[WhiteElo "2170"]
[BlackElo "2165"]
[PlyCount "76"]
[EventDate "2004.11.13"]
[EventType "swiss"]
[EventRounds "6"]
[EventCountry "ITA"]
[SourceTitle "EXT 2007"]
[Source "ChessBase"]
[SourceDate "2006.11.23"]
[SourceVersion "1"]
[SourceVersionDate "2006.11.23"]
[SourceQuality "1"]

1. e4 e6 2. d3 d5 3. Nd2 Nf6 4. Ngf3 c5 5. g3 Nc6 6. Bg2 Be7 7. 0-0 Bd7 8. Re1 Qc7 9. exd5 exd5 10. c4 0-0 11. Ng5 Bg4 12. Qa4 Rfe8 13. cxd5 Nd4 14. Nde4 b5 15. Qa6 Nxd5 16. Nxf7 Nb4 17. Nh6+ Kf8 18. Qa3 Nbc2 19. Qc3 b4 20. Qd2 Nxe1 21. Qxe1 gxh6 22. Bxh6+ Kg8 23. Qd2 Nf3+ 24. Bxf3 Bxf3 25. Re1 Qc6 26. Qf4 Bxe4 27. dxe4 Qf6 28. Qc1 Bf8 29. Bg5 Qd4 30. Qc2 h6 31. Bf4 Rad8 32. Qe2 Bg7 33. e5 Kh7 34. Qh5 Qd3 35. Qf7 Qg6 36. Qxa7 c4 37. Qc5 Qg4 38. Qxc4 Kh8 0-1

[Event "Melegnano op 3rd"]
[Site "Melegnano"]
[Date "2004.02.13"]
[Round "1"]
[White "Reduzzi, Maurizio"]
[Black "D'Apa, Stefano"]
[Result "1-0"]
[WhiteElo "1833"]
[BlackElo "2175"]
[PlyCount "81"]
[EventDate "2004.02.13"]
[EventType "swiss"]
[EventRounds "5"]
[EventCountry "ITA"]
[SourceTitle "EXT 2008"]
[Source "ChessBase"]
[SourceDate "2007.11.25"]
[SourceVersion "1"]
[SourceVersionDate "2007.11.25"]
[SourceQuality "1"]

1. d4 Nf6 2. Nf3 e6 3. c4 b6 4. a3 Bb7 5. Nc3 Be7 6. d5 d6 7. e4 Nbd7 8. Bd3 a5 9. 0-0 e5 10. Qc2 0-0 11. Bd2 Nc5 12. b4 Nxd3 13. Qxd3 Bc8 14. Be3 Nh5 15. Nd2 Nf4 16. Bxf4 exf4 17. Ne2 f5 18. f3 Bf6 19. Rad1 Be5 20. b5 Qf6 21. Rfe1 g5 22. exf5 Bxf5 23. Ne4 Qg7 24. Nd4 Bd7 25. Nc6 Rae8 26. Nxe5 Rxe5 27. Re2 Rfe8 28. Rde1 g4 29. Kh1 Qh6 30. Nc3 Qh4 31. Ne4 Bf5 32. Qd2 g3 33. h3 Kf8 34. Nc3 Bxh3 35. gxh3 Qxh3+ 36. Kg1 g2 37. Qxf4+ Kg7 38. Qg4+ Qxg4 39. fxg4 Rxe2 40. Rxe2 Rf8 41. Kxg2 1-0

[Event "EU-ch Union SCIPT"]
[Site "Balatonkenese"]
[Date "1999.??.??"]
[Round "5"]
[White "D'Apa, Stefano"]
[Black "Moura, Eduardo Henrique B"]
[Result "1/2-1/2"]
[WhiteElo "2175"]
[BlackElo "2235"]
[PlyCount "86"]
[EventDate "1999.09.??"]
[EventType "swiss"]
[EventRounds "7"]
[EventCountry "HUN"]
[SourceTitle "EXT 2000"]
[Source "ChessBase"]
[SourceDate "1999.11.16"]
[SourceVersion "1"]
[SourceVersionDate "1999.11.16"]
[SourceQuality "1"]

1. e4 c5 2. Nc3 e5 3. g3 Nc6 4. Bg2 Nf6 5. d3 d6 6. Nge2 h6 7. 0-0 Be7 8. f4 Bg4 9. h3 Bxe2 10. Nxe2 Nd4 11. c3 Nxe2+ 12. Qxe2 0-0 13. Be3 Rc8 14. a4 b6 15. Kh2 Nh7 16. h4 Bf6 17. Qg4 Kh8 18. Bf2 Qe8 19. Rg1 Rc7 20. f5 Rg8 21. Bf3 Bd8 22. Bd1 Nf6 23. Qe2 g6 24. fxg6 fxg6 25. Be3 Kh7 26. Bb3 Rh8 27. Raf1 Qd7 28. g4 d5 29. exd5 Nxd5 30. Bxh6 Kxh6 31. Qxe5 Re8 32. g5+ Kh7 33. Qxd5 Re2+ 34. Rg2 Rxg2+ 35. Qxg2 Qxd3 36. Rd1 Qf5 37. Rxd8 Re7 38. Rd1 Qf4+ 39. Kg1 Qe3+ 40. Qf2 Qe4 41. Bc2 Qg4+ 42. Kf1 Qh3+ 43. Kg1 Qg4+ 1/2-1/2

[Event "Celle Ligure op"]
[Site "Celle Ligure"]
[Date "1996.??.??"]
[Round "5"]
[White "Corvi, Marco"]
[Black "D'Apa, Stefano"]
[Result "0-1"]
[WhiteElo "2215"]
[BlackElo "2210"]
[PlyCount "77"]
[EventDate "1996.??.??"]
[EventType "swiss"]
[EventRounds "9"]
[EventCountry "ITA"]
[SourceTitle "EXT 1999"]
[Source "ChessBase"]
[SourceDate "1998.11.16"]
[SourceVersion "1"]
[SourceVersionDate "1998.11.16"]
[SourceQuality "1"]

1. c4 e5 2. Nc3 Nc6 3. g3 Nf6 4. Bg2 Bb4 5. Nd5 Bc5 6. e3 0-0 7. Ne2 Nxd5 8. cxd5 Nb8 9. 0-0 c6 10. d4 exd4 11. exd4 Be7 12. Nc3 d6 13. Re1 Re8 14. Bf4 cxd5 15. Nxd5 Nc6 16. Qd2 Rb8 17. Rac1 Bf8 18. Bg5 Rxe1+ 19. Rxe1 Qd7 20. b4 Qf5 21. Be4 Qd7 22. b5 Nd8 23. b6 a6 24. Bxh7+ Kxh7 25. Qc2+ Qf5 26. Re4 Nc6 27. Ne3 Qg6 28. d5 Ne5 29. Bd8 Kg8 30. Rxe5 Qxc2 31. Nxc2 dxe5 32. Bc7 Ra8 33. Bxe5 Bh3 34. Bc7 Re8 35. Ne3 Bc5 36. d6 Bxe3 37. fxe3 Rxe3 38. Kf2 Ra3 39. Ke2 0-1

[Event "Bratto op 15th"]
[Site "Bratto"]
[Date "1995.??.??"]
[Round "?"]
[White "Menoni, Vincenzo"]
[Black "D'Apa, Stefano"]
[Result "0-1"]
[WhiteElo "2250"]
[BlackElo "2205"]
[PlyCount "74"]
[EventDate "1995.??.??"]
[EventType "swiss"]
[EventRounds "9"]
[EventCountry "ITA"]
[SourceTitle "EXT 2001"]
[Source "ChessBase"]
[SourceDate "2000.11.22"]
[SourceVersion "1"]
[SourceVersionDate "2000.11.22"]
[SourceQuality "1"]

1. e4 e6 2. d3 d5 3. Nd2 Nf6 4. Ngf3 c5 5. g3 Nc6 6. Bg2 Qc7 7. 0-0 Be7 8. Re1 0-0 9. e5 Nd7 10. Qe2 b5 11. Nf1 a5 12. Bf4 Ba6 13. h4 Qc8 14. N1h2 Ra7 15. Rac1 b4 16. Ng5 Bxg5 17. hxg5 c4 18. dxc4 Bxc4 19. Qh5 Kh8 20. b3 Bb5 21. g4 Nd4 22. Be3 Qc3 23. Qh4 Rc7 24. g6 fxg6 25. Bxd4 Qxd4 26. Nf3 Qb6 27. Qe7 Rcc8 28. Qd6 Rc6 29. Qe7 Rc3 30. Ng5 Qxf2+ 31. Kh1 Rg3 32. Rg1 Rxg4 33. Bh3 Rh4 34. Qxe6 h6 35. Nh7 Be2 36. Rg2 Bf3 37. Rcg1 Qg3 0-1

[Event "Bratto op 14th"]
[Site "Bratto"]
[Date "1994.??.??"]
[Round "2"]
[White "Gaido, Paolo"]
[Black "D'Apa, Stefano"]
[Result "1-0"]
[WhiteElo "2105"]
[BlackElo "2225"]
[PlyCount "89"]
[EventDate "1994.??.??"]
[EventType "swiss"]
[EventRounds "9"]
[EventCountry "ITA"]
[SourceTitle "EXT 2001"]
[Source "ChessBase"]
[SourceDate "2000.11.22"]
[SourceVersion "1"]
[SourceVersionDate "2000.11.22"]
[SourceQuality "1"]

1. Nf3 Nf6 2. c4 c5 3. Nc3 Nc6 4. d4 cxd4 5. Nxd4 g6 6. g3 Bg7 7. Bg2 0-0 8. 0-0 Qb6 9. Nc2 d6 10. b3 Bd7 11. Bb2 Rac8 12. Ne3 Qd8 13. Qd2 Ne8 14. Ncd5 Bxb2 15. Qxb2 e6 16. Nf4 f5 17. Rad1 Qf6 18. Qxf6 Rxf6 19. Rd2 Nd8 20. Rfd1 Bc6 21. Nc2 g5 22. Nd3 Rc7 23. Ne5 Bxg2 24. Kxg2 Nf7 25. Nxf7 Rcxf7 26. e3 f4 27. g4 b5 28. e4 bxc4 29. bxc4 h5 30. e5 dxe5 31. Re1 f3+ 32. Kh1 Rf4 33. Rxe5 Rxg4 34. Ne3 Rb7 35. Rd1 Nf6 36. Nxg4 Nxg4 37. Rxg5+ Kf7 38. Kg1 Rb2 39. Rf1 Rxa2 40. Rxh5 Kg6 41. Rc5 a5 42. h3 Nf6 43. Re1 Nd7 44. Rc7 Re2 45. Kf1 1-0

[Event "Catanzaro"]
[Site "Catanzaro"]
[Date "1985.12.19"]
[Round "9"]
[White "Vujovic, Milorad"]
[Black "D'Apa, Stefano"]
[Result "1-0"]
[WhiteElo "2345"]
[BlackElo "2200"]
[PlyCount "63"]
[EventDate "1985.12.11"]
[EventType "tourn"]
[EventRounds "11"]
[EventCountry "ITA"]
[SourceTitle "EXT 2023"]
[Source "ChessBase"]
[SourceDate "2022.10.05"]
[SourceVersion "1"]
[SourceVersionDate "2022.10.05"]
[SourceQuality "1"]

1. e4 e6 2. d4 d5 3. Nc3 Bb4 4. e5 c5 5. a3 Bxc3+ 6. bxc3 Ne7 7. a4 Nbc6 8. Qg4 0-0 9. Nf3 f5 10. exf6 Rxf6 11. Qh4 h6 12. Bd2 Nf5 13. Qg4 e5 14. dxe5 Nfd4 15. Qg3 Nxf3+ 16. gxf3 Nxe5 17. f4 Rg6 18. Qe3 Nc4 19. Qxc5 b6 20. Qd4 Re6+ 21. Be3 Re4 22. Qxe4 dxe4 23. Bxc4+ Kh7 24. Rd1 Qc7 25. Bd5 Qxc3+ 26. Rd2 Rb8 27. Bxe4+ g6 28. Bd4 Qc4 29. Rg1 Kg8 30. Bxg6 Kf8 31. Be5 Rb7 32. Rg3 1-0

[Event "Catanzaro"]
[Site "Catanzaro"]
[Date "1985.12.16"]
[Round "6"]
[White "D'Apa, Stefano"]
[Black "Samovojska, Damir"]
[Result "0-1"]
[WhiteElo "2200"]
[BlackElo "2390"]
[PlyCount "42"]
[EventDate "1985.12.11"]
[EventType "tourn"]
[EventRounds "11"]
[EventCountry "ITA"]
[SourceTitle "EXT 2023"]
[Source "ChessBase"]
[SourceDate "2022.10.05"]
[SourceVersion "1"]
[SourceVersionDate "2022.10.05"]
[SourceQuality "1"]

1. d4 Nf6 2. Nf3 c5 3. c3 cxd4 4. cxd4 d5 5. Nc3 Nc6 6. g3 Bg4 7. Bg2 e6 8. 0-0 Bd6 9. Nb5 Bb8 10. b3 Qb6 11. Nc3 Bxf3 12. Bxf3 Qxd4 13. Qe1 Be5 14. Bb2 Qb4 15. Rc1 0-0 16. Qd1 Rac8 17. a3 Qe7 18. Qd2 Nd7 19. e3 Rfd8 20. Ne2 Bxb2 21. Qxb2 Nde5 0-1

[Event "Catanzaro"]
[Site "Catanzaro"]
[Date "1985.12.14"]
[Round "4"]
[White "D'Apa, Stefano"]
[Black "Bukal, Vladimir Sr"]
[Result "1-0"]
[WhiteElo "2200"]
[BlackElo "2455"]
[PlyCount "65"]
[EventDate "1985.12.11"]
[EventType "tourn"]
[EventRounds "11"]
[EventCountry "ITA"]
[SourceTitle "EXT 2023"]
[Source "ChessBase"]
[SourceDate "2022.10.05"]
[SourceVersion "1"]
[SourceVersionDate "2022.10.05"]
[SourceQuality "1"]

1. d4 Nf6 2. Nf3 c5 3. c3 e6 4. Bf4 b6 5. e3 Bb7 6. Nbd2 Be7 7. Bd3 0-0 8. h3 d5 9. Ne5 Nc6 10. Qe2 Nd7 11. Qh5 g6 12. Nxc6 Bxc6 13. Qf3 Bf6 14. Qg3 Bg7 15. h4 Nf6 16. h5 cxd4 17. exd4 Ne4 18. Bxe4 dxe4 19. Nc4 Qd5 20. Ne3 Qb5 21. 0-0-0 Rfe8 22. Ng4 Qf5 23. hxg6 fxg6 24. Nh6+ Bxh6 25. Rxh6 Re7 26. Rdh1 e3 27. fxe3 Bd5 28. Be5 Bxa2 29. Kd2 Bb1 30. e4 Qxe4 31. Re1 Rf7 32. Rh4 Qd5 33. Rxb1 1-0

[Event "Catanzaro"]
[Site "Catanzaro"]
[Date "1985.12.12"]
[Round "2"]
[White "D'Apa, Stefano"]
[Black "Bianchi, Guillermo"]
[Result "1/2-1/2"]
[WhiteElo "2200"]
[BlackElo "2355"]
[PlyCount "81"]
[EventDate "1985.12.11"]
[EventType "tourn"]
[EventRounds "11"]
[EventCountry "ITA"]
[SourceTitle "EXT 2023"]
[Source "ChessBase"]
[SourceDate "2022.10.05"]
[SourceVersion "1"]
[SourceVersionDate "2022.10.05"]
[SourceQuality "1"]

1. d4 Nf6 2. Nf3 c5 3. c3 e6 4. Bf4 b6 5. e3 Bb7 6. Nbd2 Be7 7. Bd3 d6 8. h3 Nbd7 9. Qe2 cxd4 10. exd4 0-0 11. 0-0 Re8 12. Nc4 Nf8 13. Ne3 e5 14. dxe5 Bxf3 15. gxf3 dxe5 16. Bxe5 Bd6 17. f4 Bxe5 18. fxe5 Rxe5 19. Rad1 Qe8 20. Qf3 Ne6 21. Ng4 Rg5 22. Kh1 Nxg4 23. hxg4 h5 24. gxh5 g6 25. Rg1 Rd8 26. hxg6 fxg6 27. Rxg5 Nxg5 28. Qf6 Rxd3 29. Rxd3 Qe4+ 30. Kh2 Qxd3 31. Qxg5 Qc2 32. Qd5+ Kh7 33. Qf7+ Kh6 34. Qf4+ Kh7 35. Qf7+ Kh6 36. Qf8+ Kh7 37. Qe7+ Kg8 38. Qe6+ Kh7 39. Qe7+ Kg8 40. Qe8+ Kh7 41. Qf7+ 1/2-1/2

[Event "Catanzaro"]
[Site "Catanzaro"]
[Date "1985.12.11"]
[Round "1"]
[White "Cosic, Marin"]
[Black "D'Apa, Stefano"]
[Result "1/2-1/2"]
[WhiteElo "2305"]
[BlackElo "2200"]
[PlyCount "39"]
[EventDate "1985.12.11"]
[EventType "tourn"]
[EventRounds "11"]
[EventCountry "ITA"]
[SourceTitle "EXT 2023"]
[Source "ChessBase"]
[SourceDate "2022.10.05"]
[SourceVersion "1"]
[SourceVersionDate "2022.10.05"]
[SourceQuality "1"]

1. Nf3 Nf6 2. b3 g6 3. Bb2 Bg7 4. g3 d5 5. c4 c6 6. Bg2 Bf5 7. 0-0 0-0 8. d3 Nbd7 9. Nbd2 Re8 10. Nd4 e5 11. Nxf5 gxf5 12. cxd5 cxd5 13. Nf3 Qb6 14. e3 Ng4 15. d4 e4 16. Nh4 Qe6 17. Bh3 Ndf6 18. Qe2 Bh6 19. Rfc1 Rac8 20. Bf1 1/2-1/2

[Event "Imperia op 27th"]
[Site "Imperia"]
[Date "1985.09.03"]
[Round "3"]
[White "D'Apa, Stefano"]
[Black "Fabbri, Mario"]
[Result "1-0"]
[WhiteElo "1959"]
[BlackElo "2190"]
[PlyCount "85"]
[EventDate "1985.09.01"]
[EventType "swiss"]
[EventRounds "9"]
[EventCountry "ITA"]
[SourceTitle "EXT 2024"]
[Source "ChessBase"]
[SourceDate "2023.10.10"]
[SourceVersion "1"]
[SourceVersionDate "2023.10.10"]
[SourceQuality "1"]

1. d4 d5 2. Nf3 Nf6 3. Bf4 c6 4. e3 Qb6 5. Qc1 Nbd7 6. Bd3 Nh5 7. Bg3 g6 8. Nbd2 Bg7 9. Bh4 c5 10. 0-0 e5 11. dxe5 Nxe5 12. Nxe5 Bxe5 13. c3 0-0 14. Be2 Ng7 15. Nf3 Bf6 16. Bxf6 Qxf6 17. Rd1 Rd8 18. Qc2 b6 19. Rd2 Bb7 20. Rad1 Ne6 21. Qa4 Nc7 22. Ne1 Bc6 23. Qg4 Re8 24. Bf3 Re7 25. c4 dxc4 26. Bxc6 Qxc6 27. Qxc4 Qe6 28. Qh4 Rae8 29. b3 Nb5 30. Nf3 h5 31. Ng5 Qg4 32. Nf3 Nc3 33. Rc1 Ne4 34. Rd5 Qe6 35. Re5 Qf6 36. Rxe4 Qb2 37. Rec4 Qxa2 38. b4 Qb2 39. bxc5 Re4 40. R4c2 Qxc2 41. Rxc2 Rxh4 42. Nxh4 Rc8 43. c6 1-0

[Event "Imperia op 27th"]
[Site "Imperia"]
[Date "1985.09.02"]
[Round "2"]
[White "Wagman, Stuart"]
[Black "D'Apa, Stefano"]
[Result "0-1"]
[WhiteElo "2220"]
[BlackElo "1959"]
[PlyCount "76"]
[EventDate "1985.09.01"]
[EventType "swiss"]
[EventRounds "9"]
[EventCountry "ITA"]
[SourceTitle "EXT 2024"]
[Source "ChessBase"]
[SourceDate "2023.10.10"]
[SourceVersion "1"]
[SourceVersionDate "2023.10.10"]
[SourceQuality "1"]

1. e4 e6 2. d4 d5 3. Nd2 c5 4. Ngf3 Nc6 5. exd5 exd5 6. Bb5 cxd4 7. 0-0 Bd6 8. Nb3 Nge7 9. Nbxd4 0-0 10. Re1 Bg4 11. Be2 h6 12. h3 Bh5 13. Be3 a6 14. Nh4 Bxe2 15. Qxe2 Qd7 16. Rad1 Rfe8 17. Qh5 Bc7 18. Ndf5 Nxf5 19. Nxf5 Re5 20. g4 Rae8 21. Rf1 Bd8 22. Bf4 g6 23. Qxh6 gxf5 24. Bxe5 Nxe5 25. Qf4 fxg4 26. hxg4 d4 27. Rde1 Qd5 28. f3 Re6 29. Kg2 Ng6 30. Qd2 Bg5 31. Qd1 Be3 32. Rh1 Qg5 33. c3 d3 34. Rh2 Nf4+ 35. Kh1 Rh6 36. Rxe3 Rxh2+ 37. Kxh2 Qh4+ 38. Kg1 Qg3+ 0-1